[Event "Arolo di Leggiuno op 4th"]
[Site "Arolo di Leggiuno"]
[Date "2015.05.09"]
[Round "3"]
[White "Picchi, Luciano Enrico"]
[Black "Benazzo, Angelo"]
[Result "1/2-1/2"]
[WhiteElo "1586"]
[BlackElo "1692"]
[PlyCount "115"]
[EventDate "2015.05.08"]
[EventType "swiss"]
[EventRounds "5"]
[EventCountry "ITA"]
[SourceTitle "CBM 166 Extra"]
[Source "ChessBase"]
[SourceDate "2015.06.18"]
[SourceVersion "1"]
[SourceVersionDate "2015.06.18"]
[SourceQuality "1"]

1. e4 c5 2. c4 Nc6 3. Nc3 g6 4. b3 Bg7 5. Bb2 e6 6. Rb1 Nge7 7. Na4 Bxb2 8. Rxb2 d6 9. g3 0-0 10. Bg2 Nd4 11. Ne2 Nec6 12. 0-0 Qf6 13. Nxd4 Nxd4 14. Nc3 Bd7 15. Rb1 Kg7 16. Kh1 Bc6 17. f4 Qe7 18. Ne2 f5 19. Nxd4 cxd4 20. d3 fxe4 21. dxe4 e5 22. Qd3 Bd7 23. Rb2 Rf7 24. Rbf2 Raf8 25. Kg1 Rf6 26. Qd2 b6 27. Kh1 Bc6 28. Qd3 Qb7 29. Kg1 a6 30. a4 b5 31. Rb1 Rb8 32. cxb5 axb5 33. a5 b4 34. Ra1 Bb5 35. Qd2 Ba6 36. Qe1 Rf7 37. Bf1 Rc7 38. Rb2 Rc3 39. Bh3 Re3 40. Qf2 Qxe4 41. Bg2 Qf5 42. Re1 Rc3 43. Be4 Qf7 44. Reb1 Rb5 45. Qd2 Rxa5 46. fxe5 dxe5 47. Qg2 Bd3 48. Rf2 Qe6 49. Qf3 Qe7 50. Bxd3 Ra3 51. Qd5 Rxd3 52. Rbf1 Kh6 53. Qg2 Qg5 54. Qh3+ Qh5 55. Qc8 Qg5 56. Qh3+ Qh5 57. Qc8 Qg5 58. Qh3+ 1/2-1/2

[Event "Arolo di Leggiuno op 4th"]
[Site "Arolo di Leggiuno"]
[Date "2015.05.08"]
[Round "1"]
[White "Rodolfo Masera, Luca"]
[Black "Picchi, Luciano Enrico"]
[Result "1-0"]
[WhiteElo "1908"]
[BlackElo "1586"]
[PlyCount "43"]
[EventDate "2015.05.08"]
[EventType "swiss"]
[EventRounds "5"]
[EventCountry "ITA"]
[SourceTitle "CBM 166 Extra"]
[Source "ChessBase"]
[SourceDate "2015.06.18"]
[SourceVersion "1"]
[SourceVersionDate "2015.06.18"]
[SourceQuality "1"]

1. d4 f5 2. g3 e6 3. Bg2 Nf6 4. c4 Be7 5. Nf3 0-0 6. 0-0 d6 7. Nc3 Nbd7 8. Qc2 Rb8 9. Re1 b6 10. Ng5 Qe8 11. Nxe6 Rf7 12. Nxc7 Qd8 13. N3d5 Nf8 14. Nxe7+ Rxe7 15. Nd5 Re8 16. Bg5 Re6 17. Qxf5 Rxe2 18. Nxf6+ gxf6 19. Bd5+ Kg7 20. Bxf6+ Qxf6 21. Qxf6+ Kxf6 22. Rxe2 1-0